00630pam a2200229 a 4500020001500000040000800015082002600023100002500049245002600074260004500100300003300145500002000178520012300198650000900321650000800330650000900338650001000347650001000357650000900367942000700376999001700383 a0027885305 cDLC00a910 NEW 1992 A093 Or.1 aStonehouse, Bernard.10aSnow, ice, and cold / aNew York :bNew Discovery Books,cc1992. a45 p. :bcol. ill. ;c30 cm. aIncludes index. aA look at the damage that snow, ice, and cold can cause and at measures that can be taken to minimize the destruction. 0aSnow 0aIce 0aCold 1aCold. 1aSnow. 1aIce. cEK c12712d12712